00284nam a2200121Ia 4500003000400000005001700004008004100021020001800062040002000080100002300100245001800123260002100141OSt20231214111340.0170524s9999 xx 000 0 und d a9798183760248 cIIMT UNIVERSITY aSINGH- MANOJ KUMAR 4aTHE REPORTING bMOHIT: NEW DELHI